000 00655nam a2200181Ia 4500
008 151202s9999||||xx |||||||||||||| ||und||
082 _bPNVM-83236
100 _aअविनाश जमदग्नी.
245 _aओळख प्राणी पक्ष्यांची.
260 _bपरी प्रकाशन.
260 _c2013
300 _a135
600 _aअविनाश जमदग्नी.
630 _aओळख प्राणी पक्ष्यांची.
700 _aअविनाश जमदग्नी.
730 _aओळख प्राणी पक्ष्यांची.
942 _cBOOK
999 _c1348066
_d1348063